| 000 | 01608nam a22003014i 4500 | ||
|---|---|---|---|
| 999 |
_c64526 _d64526 |
||
| 001 | Rebiun19959022 | ||
| 003 | CO-MdFUSB | ||
| 005 | 20180914120910.0 | ||
| 008 | 950315s1967 xxua || 001 ||eng| | ||
| 020 | _a0385014791 | ||
| 040 |
_aES-BaCBU _bcat _cCO-MdFUSB _dCO-MdFUSBC _erda |
||
| 041 | _aeng | ||
| 080 | _a226.1506 | ||
| 082 |
_223 _a226.1 _bV391 |
||
| 100 | 1 |
_aVawter, Bruce _eautor |
|
| 245 | 1 | 4 |
_aThe Four gospels _b: an introduction _c/ Bruce Vawter |
| 264 | 1 |
_aGarden City, N.Y. : _bDoubleday & Company _c℗1967 |
|
| 264 | 4 | _c©1967 | |
| 300 |
_aVolumen 1 y 2 : _bilustraciones ; _c24 cm |
||
| 336 |
_2rdacontent _atexto _btxt |
||
| 337 |
_2rdamedia _asin mediación _bn |
||
| 338 |
_2rdacarrier _avolumen _bnc |
||
| 504 | _aIncluye indice pasajes de los evangelios Incluye Indice general | ||
| 505 |
_tVolumen 1. _a1. Algunos preliminares -- 2. La palabra hecha carne -- 3. El término de profecía -- 4. Gozo del mundo -- 5. Una luz comienza a brillar -- 6. Agua viva -- 7. Clamor en galilea -- 8. Las llaves del Reino -- 9. Tesoros en el cielo -- 10. Parábolas del Reino -- 11. Rechazo en galilea -- 12. El pan de vida -- 13. Sobre la roca -- 14. Sin embargo, un momento |
||
| 505 |
_tVolumen 2. _a15. Que aquellos que no ven puedan ver -- 16. Fuego en la tierra -- 17. Esperando en Perea -- 18. El último viaje -- 19. Betania y Jericó -- 20. Domingo de ramos -- 21. Comienzo del fin -- 22. Una última cena -- 23. La verdad de la vid y sus ramas -- 24. Agonía -- 25. ¿Cual es la verdad? -- 26. Dios y el Señor de todo |
||
| 630 | 0 | 7 |
_aBiblia. _pEvangelios |
| 942 | _cBK | ||